HUMAN RIGHTS I EUROPE (Record no. 209301)

MARC details
000 -LEADER
fixed length control field 00529nam a22001817a 4500
008 - FIXED-LENGTH DATA ELEMENTS--GENERAL INFORMATION
fixed length control field 240226b |||||||| |||| 00| 0 eng d
020 ## - INTERNATIONAL STANDARD BOOK NUMBER
International Standard Book Number 0-7190-4613-0
050 ## - LIBRARY OF CONGRESS CALL NUMBER
Classification number KJ1105.R63 1993
Item number C.1
100 ## - MAIN ENTRY--PERSONAL NAME
Personal name ROBERTSON A.H
245 ## - TITLE STATEMENT
Title HUMAN RIGHTS I EUROPE
Remainder of title A STUDY OF THE EUROPEAN CONVENTION ON HUMAN RIGHTS
250 ## - EDITION STATEMENT
Edition statement THIRD EDITION
260 ## - PUBLICATION, DISTRIBUTION, ETC.
Place of publication, distribution, etc. MANCHESTER
Name of publisher, distributor, etc. MANCHESTER UNIERSITY PRESS
Date of publication, distribution, etc. 1993
300 ## - PHYSICAL DESCRIPTION
Extent XIII,422P
500 ## - GENERAL NOTE
General note INCLUDES INDEX
650 ## - SUBJECT ADDED ENTRY
Topical term or geographic name entry element HUMAN RIGTHS
700 ## - ADDED ENTRY--PERSONAL NAME
Personal name MERRILLS J.G
942 ## - ADDED ENTRY ELEMENTS (KOHA)
Source of classification or shelving scheme Library of Congress Classification
Koha item type Long Loan Book
Holdings
Withdrawn status Lost status Source of classification or shelving scheme Damaged status Not for loan Collection Home library Current library Shelving location Date acquired Inventory number Total checkouts Full call number Barcode Date last seen Date last checked out Copy number Price effective from Koha item type
    Library of Congress Classification     Law Kisii University Library Kisii University Library On Display 02/26/2024 92197 1 KJ 1105.R63 1993 000000003602 03/07/2024 02/26/2024 C.1 02/26/2024 Long Loan Book